000
00365nam a2200145Ia 4500
008
100122s9999 xx 000 0 und d
082
_b
38819
_a
823
100
_a
देसाई रणजित
245
_a
बारी
260
_b
रा.ज.देशमुख
_c
1905
300
_a
223
630
_a
बारी
730
_a
बारी
942
_c
BOOK
999
_c
420764
_d
420761